000 04277nam a22004577a 4500
005 20101218155614.0
010 _aB-419147-167
020 _a9788131727188
_c250.00
035 _aB-419147-167
037 _bUBH
082 _a005.758
100 _aRay, Chhanda
_924938
245 _aDistributed database systems /
_cby Chhanda Ray
260 _aDelhi
_bPearson Educations
_c2009
270 _a482 FIF, Patparganj
_bDelhi
_e110092
300 _axiii, 308p.
_c26cm(pbk)
500 _aIncludes bibliographical references and index
942 _2ddc
_cEN
_mRAY
_h005.758
999 _c35790
_d35790